Money, banking and financial markets : a modern introduction to macroeconomics / Dale K. Cline, Sandeep Mazumber. (Record no. 22197)

000 -LEADER
fixed length control field 01893nam a22001937a 4500
020 ## - INTERNATIONAL STANDARD BOOK NUMBER
ISBN 9781032170268
082 ## - DEWEY DECIMAL CLASSIFICATION NUMBER
Classification number 339
Item number C641 2022
100 ## - MAIN ENTRY--AUTHOR NAME
Personal name Cline, Dale K., author.
245 ## - TITLE STATEMENT
Title Money, banking and financial markets : a modern introduction to macroeconomics / Dale K. Cline, Sandeep Mazumber.
260 ## - PUBLICATION, DISTRIBUTION, ETC. (IMPRINT)
Place of publication New York, NY :
Name of publisher Routledge, Taylor & Francis Group,
Year of publication c2022.
300 ## - PHYSICAL DESCRIPTION
Number of Pages 1 online resource,181 pages:
Other physical details illustrations (some color).
500 ## - GENERAL NOTE
General note Includes bibliographical references and index.
520 ## - SUMMARY, ETC.
Summary, etc This innovative text offers an introduction to money, banking and financial markets, with a special emphasis on the importance of confidence and trust in the macroeconomic system. It also presents the theory of endogenous money creation, in contrast to the standard money multiplier and fractional reserve explanation found in other textbooks. The US economy and financial institutions are used to explain the theoretical and practical framework, with international examples weaved in throughout the text. It covers key topics including monetary policy, fiscal policy, accounting principles, credit creation, central banks and government treasuries. Additionally, the book considers the international economy, including exchange rates, the Eurozone, Chinese monetary policy and reserve currencies. Taking a broad look at the financial system, it also looks at banking regulation, cryptocurrencies, real estate, and the oil and gold commodity markets. Students are supported with chapter objectives, key terms and problems. A test bank is available for instructors. This is an accessible introductory textbook for courses on money and banking, macroeconomics, monetary policy and financial markets
650 ## - SUBJECT ADDED ENTRY--TOPICAL TERM
Topical Term Macroeconomics.
650 ## - SUBJECT ADDED ENTRY--TOPICAL TERM
Topical Term Monetary policy.
700 ## - ADDED ENTRY--PERSONAL NAME
Personal name Mazumder, Sandeep, author.
856 ## - ELECTRONIC LOCATION AND ACCESS
Uniform Resource Identifier https://lccn.loc.gov/2021046991
942 ## - ADDED ENTRY ELEMENTS (KOHA)
Koha item type Electronic Books
Holdings
Source of acquisition Permanent Location Date acquired Collection code Koha item type Lost status Shelving location Withdrawn status Current Location Full call number
DonationCagayan State University - Carig Library2026-04-15E-BooksElectronic Books E-Resource Section Cagayan State University - Carig Library339 C641 2022.
DonationCagayan State University - Carig Library2026-04-15E-BooksElectronic Books E-Resource Section Cagayan State University - Carig Library339 C641 2022.

Cagayan State University University Library, Carig Campus
Tuguegarao City, Cagayan 3500 | www.csucarig.edu.ph

Powered by Koha